[Event "Kieler Open 2017-A"]
[Site "Kiel"]
[Date "2017.07.29"]
[Round "2.39"]
[White "Oltmanns, Marc"]
[Black "Lippmann, Kai"]
[Result "0-1"]
[WhiteElo "1679"]
[BlackElo "1959"]
[Annotator "had"]
[PlyCount "158"]

1. Nf3 d5 2. c4 c6 3. cxd5 cxd5 4. g3 e6 5. Bg2 Bd6 6. O-O f5 7. d3 Nf6 8. Nc3
O-O 9. Bg5 Nc6 10. e4 d4 11. Ne2 e5 12. exf5 Qb6 13. Qc2 Bxf5 14. Nh4 Be6 15.
f4 Rac8 16. fxe5 Nxe5 17. Qd2 Bb4 18. Qd1 Nfg4 19. Rxf8+ Rxf8 20. a3 Nf2 21.
Qc2 Bd6 22. Nf4 Bb3 23. Qxf2 h6 24. Bxh6 gxh6 25. Qd2 Ng4 26. Qe2 Ne3 27. Nhg6
Rf6 28. Qh5 Kg7 29. Be4 Bf7 30. Qe2 Bxg6 31. Nxg6 Rxg6 32. Bxg6 Kxg6 33. b4 Qc6
34. Qa2 Kg7 35. Qb2 Be5 36. Rc1 Qg6 37. Qe2 Qf5 38. Kh1 Bd6 39. Kg1 Qd5 40. Qb2
Kg6 41. Ra1 Qf3 42. Qf2 Qg4 43. Rc1 h5 44. Kh1 Qg5 45. Qf3 Qf5 46. Qxf5+ Kxf5
47. Kg1 Kg4 48. Rc8 Kf3 49. Rd8 Be5 50. Re8 Bf6 51. Rf8 Nd5 52. Rf7 Ke3 53.
Rxb7 Kxd3 54. Rxa7 Kc4 55. Rd7 d3 56. Kf1 Bg5 57. Rd6 d2 58. Ke2 Nc3+ 59. Kf3
Nd5 60. Ke2 Nc3+ 61. Kf3 d1=Q+ 62. Rxd1 Nxd1 63. Ke4 Ne3 64. Ke5 Bd8 65. Kf4
Nf1 66. h3 Bc7+ 67. Kg5 Nxg3 68. Kg6 h4 69. Kg5 Bd8+ 70. Kg4 Ne4 71. Kf3 Nc3
72. Kg4 Nb1 73. a4 Kxb4 74. a5 Kxa5 75. Kh5 Kb4 76. Kg4 Kc3 77. Kf3 Kd3 78. Kg4
Ke2 79. Kf4 Kf2 0-1

[Event "Kieler Open 2017-A"]
[Site "Kiel"]
[Date "2017.07.29"]
[Round "2.40"]
[White "Weißhorn, Lasse"]
[Black "Wenske, Hardy"]
[Result "1-0"]
[WhiteElo "1745"]
[BlackElo "1826"]
[Annotator "had"]
[PlyCount "121"]

1. e4 c6 2. Nc3 d5 3. Nf3 Bg4 4. h3 Bh5 5. d4 e6 6. Bd3 Bb4 7. e5 Ne7 8. Bg5
Nd7 9. Qd2 Qb6 10. g4 Bg6 11. a3 Bxc3 12. bxc3 Bxd3 13. Qxd3 Qc7 14. Bxe7 Kxe7
15. Nh4 c5 16. f4 cxd4 17. cxd4 Rac8 18. Kd2 Qc4 19. Rab1 Qxd3+ 20. Kxd3 Rc7
21. Rb3 Rhc8 22. Rc1 Nb6 23. Ng2 Nc4 24. c3 b6 25. Ne3 Nxe3 26. Kxe3 Rc4 27.
Kd3 R8c6 28. Rb4 Rc8 29. Rc2 Kd7 30. h4 R8c6 31. h5 a6 32. Rxc4 Rxc4 33. Rb2 b5
34. Kc2 Ke7 35. Kb3 Kd7 36. f5 Rc6 37. Ra2 exf5 38. gxf5 Rh6 39. Rg2 g6 40.
hxg6 hxg6 41. fxg6 fxg6 42. Kb4 Ke6 43. Ka5 Kf5 44. Rf2+ Ke4 45. Rf6 Kd3 46. e6
Rh8 47. Rf3+ Kc4 48. Kb6 g5 49. Kc6 g4 50. Rg3 Rh3 51. Rxg4 Rxc3 52. e7 Re3 53.
Kd7 Kb3 54. Rg6 Rxe7+ 55. Kxe7 Kxa3 56. Kd6 b4 57. Kxd5 a5 58. Kc4 b3 59. Kc3
b2 60. Kc2 Ka2 61. Rb6 1-0

[Event "Kieler Open 2017-A"]
[Site "Kiel"]
[Date "2017.07.29"]
[Round "2.41"]
[White "Vorsilka, Jiri"]
[Black "Schmidt, Peter"]
[Result "1/2-1/2"]
[WhiteElo "1593"]
[BlackElo "1949"]
[Annotator "had"]
[PlyCount "86"]

1. e4 e5 2. Nf3 Nc6 3. d4 exd4 4. Bc4 Nf6 5. e5 d5 6. Bb5 Ne4 7. Nxd4 Bd7 8.
Bxc6 bxc6 9. O-O Bc5 10. f3 Ng5 11. f4 Ne4 12. Be3 Bb6 13. c3 Qe7 14. Nd2 Nxd2
15. Qxd2 O-O 16. Qf2 f6 17. exf6 Qxf6 18. Rfe1 Rae8 19. g3 Re4 20. Nc2 Qg6 21.
Bxb6 cxb6 22. Rxe4 Qxe4 23. Re1 Qg6 24. Re7 Re8 25. Rxe8+ Qxe8 26. Qe3 Kf7 27.
Qxe8+ Bxe8 28. Kf2 c5 29. Ke3 Ke6 30. g4 h5 31. h3 Bg6 32. f5+ Bxf5 33. gxf5+
Kxf5 34. Kf3 g5 35. Ne3+ Ke5 36. Nf1 d4 37. cxd4+ Kxd4 38. Ke2 b5 39. Ng3 h4
40. Nf5+ Ke5 41. Ne3 Kf4 42. Kf2 Ke4 43. Ke2 Kf4 1/2-1/2

[Event "Kieler Open 2017-A"]
[Site "Kiel"]
[Date "2017.07.29"]
[Round "2.42"]
[White "Berenstein, Alexander"]
[Black "Sasaki, Yu"]
[Result "0-1"]
[WhiteElo "1997"]
[BlackElo "1632"]
[Annotator "had"]
[PlyCount "118"]

1. e4 c6 2. d4 d5 3. e5 Bf5 4. f4 e6 5. Nf3 Nd7 6. a3 c5 7. c3 a6 8. Be2 Ne7 9.
O-O Nc6 10. Kh1 Be7 11. h3 Qb6 12. dxc5 Bxc5 13. b4 Be7 14. Nbd2 Rc8 15. Nb3
O-O 16. Bd2 f6 17. exf6 Nxf6 18. g4 Be4 19. Kh2 Bd6 20. Ng5 e5 21. f5 Nd8 22.
Rc1 h6 23. Nxe4 Nxe4 24. Be1 Nf6 25. Kg2 Nf7 26. Bf2 Qc6 27. Na5 Qd7 28. c4 d4
29. c5 Bb8 30. Bc4 Nd5 31. Qf3 Nf4+ 32. Kh1 Rc7 33. Bg3 Kh8 34. Bxf4 exf4 35.
Be6 Qe7 36. Qd3 Ng5 37. Rce1 f3 38. Bd5 Qd8 39. Bxf3 Nxh3 40. Bg2 Ng5 41. Nc4
Rd7 42. Re2 Nf7 43. Rfe1 Qc7 44. Qh3 d3 45. Re8 Rd8 46. Rxf8+ Rxf8 47. Bd5 Ng5
48. Qg2 Qf4 49. Rf1 Qd4 50. Nd6 Rd8 51. Re1 Bxd6 52. cxd6 d2 53. Rd1 Rxd6 54.
Bxb7 Qe5 55. Qf2 Nh3 56. Qf1 Qg3 57. Bg2 Nf2+ 58. Kg1 Nxd1 59. Qxd1 Qe1+ 0-1

[Event "Kieler Open 2017-A"]
[Site "Kiel"]
[Date "2017.07.29"]
[Round "2.43"]
[White "Boyens, Birger"]
[Black "Helmich, Jörg"]
[Result "1-0"]
[WhiteElo "1996"]
[BlackElo "1722"]
[Annotator "had"]
[PlyCount "53"]

1. e4 e6 2. d4 d5 3. Nc3 Bb4 4. e5 Ne7 5. a3 Bxc3+ 6. bxc3 c5 7. Qg4 O-O 8. h4
f5 9. Qg3 Nbc6 10. Bh6 Rf7 11. Nf3 Kf8 12. Bd2 h6 13. dxc5 Qa5 14. Nd4 Qxc5 15.
Nb5 f4 16. Bxf4 Nf5 17. Qd3 a6 18. Nd6 Nxd6 19. Be3 Qb5 20. exd6 Qb2 21. Qh7
Qxa1+ 22. Kd2 Rxf2+ 23. Bxf2 Kf7 24. Rh3 Ne5 25. Rg3 Qxf1 26. Qxg7+ Ke8 27.
Qe7# 1-0

[Event "Kieler Open 2017-A"]
[Site "Kiel"]
[Date "2017.07.29"]
[Round "2.44"]
[White "Rempe, Jonas"]
[Black "Mohamed, Galal"]
[Result "0-1"]
[WhiteElo "1749"]
[BlackElo "1865"]
[Annotator "had"]
[PlyCount "80"]

1. e4 e6 2. d4 d5 3. exd5 exd5 4. Nf3 Nf6 5. Bd3 Bd6 6. O-O O-O 7. h3 Re8 8.
Nc3 c6 9. Bd2 Nbd7 10. Ne2 Qc7 11. c4 dxc4 12. Bxc4 Nb6 13. Bb3 Bf5 14. Rc1 h6
15. Ba5 Qd7 16. Bc2 Re7 17. Bxf5 Qxf5 18. Bxb6 axb6 19. Nc3 Nd5 20. Nxd5 Qxd5
21. a3 Rd8 22. Rc2 c5 23. Rd2 c4 24. Re2 Rde8 25. Rfe1 b5 26. Rxe7 Rxe7 27. Re3
b4 28. axb4 Bxb4 29. Rxe7 Bxe7 30. Qa4 b5 31. Qa7 Bd6 32. Qb6 b4 33. Nd2 c3 34.
bxc3 bxc3 35. Nb3 c2 36. Nc1 Bf4 37. Qb2 Bxc1 38. Qxc1 Qa2 39. Kf1 Qb1 40. Qxb1
cxb1=Q+ 0-1

[Event "Kieler Open 2017-A"]
[Site "Kiel"]
[Date "2017.07.29"]
[Round "2.45"]
[White "Strätker, Sebastian"]
[Black "Maas, Kolja"]
[Result "1-0"]
[WhiteElo "1887"]
[BlackElo "1527"]
[Annotator "had"]
[PlyCount "76"]

1. Nf3 Nf6 2. g3 Nc6 3. d4 d5 4. Bg2 g6 5. O-O Bg7 6. c4 dxc4 7. Qa4 O-O 8.
Qxc4 Be6 9. Qa4 Nd5 10. e3 a6 11. Qd1 Bf5 12. Nc3 Nxc3 13. bxc3 Rb8 14. Re1 Be4
15. Nd2 Bxg2 16. Kxg2 e5 17. Nb3 exd4 18. exd4 Qd5+ 19. Qf3 Qc4 20. Bf4 Rfc8
21. Nc5 b6 22. Nd7 Ra8 23. Bg5 h6 24. Bf6 Bxf6 25. Nxf6+ Kg7 26. d5 Na5 27. Re7
Rf8 28. Nd7 Rae8 29. Rae1 Nb7 30. Rxe8 Rxe8 31. Rxe8 f5 32. Re7+ Kg8 33. Ne5
Qxa2 34. Nxg6 Nd6 35. Rxc7 a5 36. Ne7+ Kh8 37. Nxf5 Nxf5 38. Qxf5 Qe2 1-0

[Event "Kieler Open 2017-A"]
[Site "Kiel"]
[Date "2017.07.29"]
[Round "2.46"]
[White "Hoppe, Marc"]
[Black "Fleischmann, Yannic"]
[Result "0-1"]
[WhiteElo "1732"]
[BlackElo "1614"]
[Annotator "had"]
[PlyCount "82"]

1. d4 Nf6 2. c4 d6 3. Nf3 c6 4. Nc3 Bf5 5. Bf4 Nbd7 6. e3 Qc7 7. Bd3 Bxd3 8.
Qxd3 e5 9. Bg5 Be7 10. d5 Nc5 11. Qc2 a5 12. O-O O-O 13. a3 a4 14. e4 Rfb8 15.
Be3 Nfd7 16. Nd2 Qd8 17. b4 axb3 18. Nxb3 Nxb3 19. Qxb3 Qa5 20. f4 exf4 21.
Bxf4 Nc5 22. Qc2 Rd8 23. e5 Qc7 24. Rfe1 Re8 25. Ne4 dxe5 26. Ng5 Bxg5 27. Bxg5
f6 28. Be3 Nd7 29. Qb3 c5 30. a4 Ra6 31. Qa3 Rea8 32. Reb1 b6 33. Qb3 Qa7 34.
Qb5 Rxa4 35. Rxa4 Qxa4 36. Qc6 Qa7 37. d6 Rb8 38. Rd1 Qb7 39. Qc7 Kf7 40. g4
Ke6 41. Kf2 Qxc7 0-1

[Event "Kieler Open 2017-A"]
[Site "Kiel"]
[Date "2017.07.29"]
[Round "2.47"]
[White "Quiring, Nikolai"]
[Black "Schmieder, Kerstin"]
[Result "1-0"]
[WhiteElo "2007"]
[BlackElo "1674"]
[Annotator "had"]
[PlyCount "71"]

1. d4 d5 2. c4 Nf6 3. cxd5 Nxd5 4. e4 Nb6 5. Be3 e6 6. Nf3 g6 7. h4 h5 8. Nc3
Bg7 9. Qd2 Nc6 10. O-O-O Bd7 11. d5 exd5 12. exd5 Ne5 13. Bc5 Nxf3 14. gxf3 Bh6
15. Re1+ Be6 16. Be3 Nxd5 17. Nxd5 Qxd5 18. Qxd5 Bxd5 19. Bxh6+ Kd7 20. Bg5
Bxa2 21. Bb5+ c6 22. Re7+ Kd6 23. Rd1+ Kc5 24. Be2 b5 25. Be3+ Kb4 26. Bd2+ Kc5
27. b4+ Kb6 28. Be3+ Ka6 29. Kb2 Rhe8 30. Rxe8 Rxe8 31. Kxa2 Re7 32. Kb3 Kb7
33. f4 Kc8 34. Bf3 Kb7 35. Rd6 Rc7 36. Rf6 1-0

[Event "Kieler Open 2017-A"]
[Site "Kiel"]
[Date "2017.07.29"]
[Round "2.48"]
[White "Zimmermann, Manfred"]
[Black "Behrendt, Matthias"]
[Result "1-0"]
[WhiteElo "1997"]
[BlackElo "1703"]
[Annotator "had"]
[PlyCount "165"]

1. d4 f5 2. Nc3 Nf6 3. Bg5 Ne4 4. Nxe4 fxe4 5. e3 d5 6. Ne2 Bg4 7. h3 Bh5 8. c3
c6 9. Qb3 b5 10. Ng3 Bf7 11. Be2 h6 12. Bf4 Nd7 13. h4 g6 14. Bg4 Bg7 15. Ne2
O-O 16. Bg3 Nb6 17. a3 Nc4 18. Qc2 a5 19. O-O Qb6 20. Nf4 h5 21. Bh3 c5 22. b3
e5 23. dxc5 Qxc5 24. Ne6 Qe7 25. Nxf8 Nxa3 26. Qb2 Bxf8 27. Rfd1 Rd8 28. Qe2
Bg7 29. Rd2 b4 30. cxb4 axb4 31. Rc1 d4 32. exd4 Bh6 33. Rdd1 Bxc1 34. Rxc1
Rxd4 35. Rc8+ Kh7 36. Qa6 Rd6 37. Qa8 Rd5 38. Qb8 Rb5 39. Qa8 Bd5 40. Qa6 Bb7
41. Qe6 Qxe6 42. Rc7+ Kh6 43. Bxe6 Bd5 44. Bd7 Rb7 45. Rxb7 Bxb7 46. Be6 Nb5
47. Bxe5 Nc3 48. Bc4 g5 49. hxg5+ Kxg5 50. Bd6 Na2 51. Kf1 h4 52. Be7+ Kg4 53.
Be2+ Kf4 54. Bxh4 e3 55. f3 Nc3 56. Bc4 Bc8 57. Be7 Na2 58. Bd6+ Kf5 59. Ke2
Bb7 60. Kxe3 Nc3 61. Bxb4 Nd5+ 62. Bxd5 Bxd5 63. g4+ Kg6 64. f4 Bxb3 65. Be7
Bc2 66. Kf3 Kf7 67. Bh4 Kg6 68. Kg3 Bd3 69. Bd8 Bc2 70. Kf2 Bb1 71. Ke3 Bc2 72.
Kd4 Bd1 73. f5+ Kf7 74. g5 Bh5 75. Ke5 Kf8 76. Kf6 Bg4 77. g6 Be2 78. Kg5 Bc4
79. f6 Be6 80. Be7+ Ke8 81. Bc5 Bd5 82. Kh6 Be4 83. Kg7 1-0

[Event "Kieler Open 2017-A"]
[Site "Kiel"]
[Date "2017.07.29"]
[Round "2.49"]
[White "Rommeck, Christiane"]
[Black "van Foreest, Machteld"]
[Result "1/2-1/2"]
[WhiteElo "1616"]
[BlackElo "1793"]
[Annotator "had"]
[PlyCount "118"]

1. e4 c5 2. Nf3 e6 3. d4 cxd4 4. Nxd4 Nc6 5. Bb5 Bc5 6. Bxc6 bxc6 7. O-O Qb6 8.
Nb3 d5 9. Nxc5 Qxc5 10. Be3 Qe7 11. e5 Ba6 12. Re1 Qb4 13. Qc1 Ne7 14. Nd2 Nf5
15. a3 Qg4 16. Nf3 O-O 17. Bc5 Rfd8 18. Qd2 Qc4 19. b4 Bb7 20. Qd3 Ba6 21. Qxc4
Bxc4 22. c3 Rd7 23. Nd4 Nxd4 24. cxd4 Re8 25. Re3 f6 26. exf6 gxf6 27. Rae1 Kf7
28. Rh3 Kg7 29. Ree3 Ba2 30. Reg3+ Kh8 31. f4 Bb1 32. Rh6 Rf7 33. Kf2 e5 34.
fxe5 fxe5+ 35. Ke3 exd4+ 36. Kxd4 Rf4+ 37. Kc3 Rc4+ 38. Kb2 Bf5 39. Be3 d4 40.
Bg5 Bg6 41. Kb3 Rc3+ 42. Rxc3 dxc3 43. Kxc3 Re2 44. g3 Kg7 45. Rh4 Bf7 46. Bd2
Re5 47. Bh6+ Kg6 48. Bf4 Rh5 49. Rxh5 Kxh5 50. Kd4 Kg4 51. h4 Kf5 52. Kc5 Bd5
53. b5 Ke6 54. bxc6 Bf3 55. Bb8 a5 56. a4 h5 57. Kb5 Ke7 58. Kxa5 Bxc6 59. Kb6
Bxa4 1/2-1/2

[Event "Kieler Open 2017-A"]
[Site "Kiel"]
[Date "2017.07.29"]
[Round "2.50"]
[White "Rohmann, Volker"]
[Black "Witt, Holger"]
[Result "1/2-1/2"]
[WhiteElo "1818"]
[BlackElo "1578"]
[Annotator "had"]
[PlyCount "74"]

1. e4 c5 2. c4 e5 3. Nc3 a6 4. g3 Ne7 5. Bg2 g6 6. d3 Bg7 7. Nge2 Nbc6 8. O-O
O-O 9. Rb1 d6 10. a3 Bg4 11. f3 Be6 12. Kh1 Nd4 13. Nxd4 exd4 14. Ne2 b5 15. b3
Rb8 16. Bd2 Qd7 17. Nf4 Nc6 18. Nxe6 Qxe6 19. f4 Qd7 20. Qf3 Rbc8 21. g4 g5 22.
f5 Ne5 23. Qe2 f6 24. Be1 Kf7 25. Bg3 Rh8 26. h4 h6 27. h5 Rc7 28. Kh2 Rb8 29.
Kh3 Rcb7 30. Qc2 Bf8 31. Rfd1 Be7 32. Bf1 Qc8 33. Be2 Qc6 34. Rdc1 Kg7 35. Be1
Nd7 36. Bf3 Ne5 37. Bg2 Bd8 1/2-1/2

[Event "Kieler Open 2017-A"]
[Site "Kiel"]
[Date "2017.07.29"]
[Round "2.51"]
[White "Indinger, Alexander"]
[Black "Müller, Richard"]
[Result "1-0"]
[WhiteElo "1798"]
[BlackElo "1484"]
[Annotator "had"]
[PlyCount "39"]

1. e4 c5 2. Nf3 Nc6 3. Bb5 d6 4. O-O Bd7 5. c3 Nf6 6. Re1 e6 7. d4 b6 8. Bg5
Be7 9. Nbd2 O-O 10. e5 Nxe5 11. dxe5 Bxb5 12. exf6 Bxf6 13. Bxf6 Qxf6 14. Ne4
Qg6 15. Qxd6 Rfd8 16. Qf4 Bc6 17. Ne5 Qf5 18. Qxf5 exf5 19. Nxc6 Rd5 20. Ne7+
1-0

[Event "Kieler Open 2017-A"]
[Site "Kiel"]
[Date "2017.07.30"]
[Round "3.1"]
[White "Krause, Benedict"]
[Black "Kuberczyk, Christoph"]
[Result "1-0"]
[WhiteElo "2424"]
[BlackElo "2177"]
[Annotator "PH"]
[PlyCount "65"]

1. e4 c5 2. Nf3 d6 3. d4 cxd4 4. Nxd4 Nd7 5. Nc3 a6 6. Bg5 g6 7. Bc4 Bg7 8. Qd2
Qa5 9. Bb3 Ngf6 10. f3 h6 11. Be3 Nc5 12. O-O-O Nxb3+ 13. Nxb3 Qc7 14. Bd4 Be6
15. f4 Rc8 16. h3 b5 17. e5 dxe5 18. Bxe5 Qb6 19. Qd4 Qxd4 20. Nxd4 Bd7 21.
Rhe1 Bc6 22. Bd6 e6 23. f5 Bxg2 24. fxe6 Bxh3 25. exf7+ Kxf7 26. Re7+ Kg8 27.
Be5 Nh5 28. Bxg7 Nxg7 29. Nd5 Rd8 30. Nc6 Rc8 31. Ne5 Bf5 32. Nf6+ Kf8 33. Rf7#
1-0

[Event "Kieler Open 2017-A"]
[Site "Kiel"]
[Date "2017.07.30"]
[Round "3.2"]
[White "Syrov, Arkadi"]
[Black "Lanka, Zigurds"]
[Result "1/2-1/2"]
[WhiteElo "2267"]
[BlackElo "2434"]
[Annotator "PH"]
[PlyCount "114"]

1. e4 c5 2. Nf3 e6 3. d4 cxd4 4. Nxd4 a6 5. Bd3 Bc5 6. Nb3 Ba7 7. O-O Nc6 8.
Qg4 Nf6 9. Qxg7 Rg8 10. Qh6 d6 11. Bg5 Rg6 12. Qh4 Ne5 13. Be2 h6 14. Bxf6 Qxf6
15. Qxf6 Rxf6 16. N1d2 Bd7 17. Nc4 Nxc4 18. Bxc4 O-O-O 19. Kh1 h5 20. Rad1 Kc7
21. Be2 h4 22. Rd3 Bc6 23. Rf3 Rxf3 24. Bxf3 h3 25. gxh3 f5 26. Nd2 fxe4 27.
Bxe4 d5 28. Bg2 Rf8 29. c4 Bxf2 30. h4 Rf4 31. h5 Be3 32. Rxf4 Bxf4 33. cxd5
exd5 34. Nf3 Be8 35. Ne1 Kd6 36. Nd3 Be3 37. Bf3 Bb5 38. Be2 Bd4 39. Kg2 Bxd3
40. Bxd3 Bxb2 41. Kf3 Bc1 42. Ke2 b5 43. Kd1 Bh6 44. Kc2 Kc5 45. Kb3 a5 46. Bf1
a4+ 47. Kc2 b4 48. Be2 Bg7 49. Bf1 Bf8 50. Ba6 a3 51. Bf1 Kd4 52. Bb5 Ke3 53.
Bc6 d4 54. Bb5 Kf4 55. Bc4 Ke3 56. Bb5 Bg7 57. Bc4 Bf8 1/2-1/2

[Event "Kieler Open 2017-A"]
[Site "Kiel"]
[Date "2017.07.30"]
[Round "3.3"]
[White "Kopylov, Michael"]
[Black "Schulze, Lara"]
[Result "1/2-1/2"]
[WhiteElo "2428"]
[BlackElo "2141"]
[Annotator "PH"]
[PlyCount "47"]

1. d4 Nf6 2. c4 e6 3. g3 d5 4. Bg2 Be7 5. Nf3 O-O 6. Nbd2 c5 7. dxc5 Bxc5 8.
O-O Nc6 9. Qc2 b6 10. a3 Bb7 11. b4 Be7 12. Bb2 Rc8 13. Rfd1 dxc4 14. Ng5 c3
15. Nde4 Nxe4 16. Rxd8 Nxd8 17. Nxe4 cxb2 18. Qxb2 Bxe4 19. Bxe4 Bf6 20. Qa2
Bxa1 21. Qxa1 Nc6 22. Qc3 Ne7 23. Qd4 Nd5 24. Bxd5 1/2-1/2

[Event "Kieler Open 2017-A"]
[Site "Kiel"]
[Date "2017.07.30"]
[Round "3.4"]
[White "Niering, Martin"]
[Black "Voloshin, Leonid"]
[Result "1/2-1/2"]
[WhiteElo "2225"]
[BlackElo "2382"]
[Annotator "PH"]
[PlyCount "78"]

1. e4 c5 2. Nf3 Nc6 3. Bb5 g6 4. Bxc6 bxc6 5. O-O Bg7 6. Re1 Nh6 7. d3 O-O 8.
Nbd2 e5 9. Nc4 d6 10. h3 f5 11. c3 Nf7 12. Qa4 Bd7 13. Bd2 d5 14. Ne3 c4 15.
exf5 gxf5 16. dxc4 f4 17. Nc2 e4 18. Nfd4 Ne5 19. cxd5 cxd5 20. Qb3 Nc4 21.
Rxe4 Rb8 22. Nb4 a5 23. Bxf4 Rb6 24. Bc7 Qxc7 25. Nxd5 Rxb3 26. Nxc7 Rxb2 27.
Nde6 Bxe6 28. Nxe6 Rc8 29. Rg4 Rb7 30. Rd1 Re7 31. Nxg7 Rxg7 32. Rdd4 Rxg4 33.
Rxg4+ Kf7 34. Rd4 Rc5 35. g3 h5 36. Kg2 Kf6 37. g4 Ne5 38. f4 Nc6 39. Rd3 Rc4
1/2-1/2

[Event "Kieler Open 2017-A"]
[Site "Kiel"]
[Date "2017.07.30"]
[Round "3.5"]
[White "Krause, Jonah"]
[Black "Kopylov, Daniel"]
[Result "1/2-1/2"]
[WhiteElo "2328"]
[BlackElo "2172"]
[Annotator "PH"]
[PlyCount "61"]

1. d4 d5 2. c4 e6 3. Nf3 Nf6 4. Nc3 Be7 5. Bg5 O-O 6. e3 h6 7. Bh4 Ne4 8. Bxe7
Qxe7 9. h4 c5 10. g4 Nc6 11. g5 cxd4 12. Nxd4 Nxc3 13. bxc3 Nxd4 14. cxd4 dxc4
15. gxh6 Qb4+ 16. Qd2 c3 17. Qc2 Qb2 18. Rc1 Bd7 19. Qxc3 Qxc3+ 20. Rxc3 gxh6
21. Rg1+ Kh8 22. e4 Rg8 23. Rxg8+ Kxg8 24. Kd2 Bc6 25. Ke3 Kf8 26. Rc5 Ke7 27.
Bg2 Kd6 28. Bf3 Rg8 29. Ra5 a6 30. Rh5 Rh8 31. Ra5 1/2-1/2

[Event "Kieler Open 2017-A"]
[Site "Kiel"]
[Date "2017.07.30"]
[Round "3.6"]
[White "Light, Bjarne"]
[Black "Uksini, Bardhyl"]
[Result "0-1"]
[WhiteElo "2196"]
[BlackElo "2304"]
[Annotator "PH"]
[PlyCount "98"]

1. c4 g6 2. g3 Bg7 3. Bg2 c5 4. Nc3 Nc6 5. a3 e6 6. b4 Nge7 7. Rb1 O-O 8. Ne4
cxb4 9. Nd6 bxa3 10. Bxa3 Qa5 11. Rb3 Rd8 12. Nf3 Nf5 13. O-O Bf8 14. Nxb7 Bxb7
15. Bxf8 Ba6 16. Ba3 Bxc4 17. Rc3 d5 18. Re1 Nd6 19. Bb2 Rab8 20. Qc1 Qb6 21.
Ba1 Ne4 22. e3 Nb4 23. Ra3 Nd3 24. Rxd3 Bxd3 25. Ne5 Qb1 26. Bxe4 Bxe4 27. Nc6
Qxc1 28. Rxc1 a5 29. Nxd8 Rxd8 30. Bf6 Ra8 31. Rc3 a4 32. Ra3 h6 33. h4 Kh7 34.
Kf1 Bf3 35. Be7 Rb8 36. Ra1 g5 37. hxg5 hxg5 38. Ke1 Kg6 39. d3 Rb3 40. Rxa4
Rxd3 41. Ra1 Kf5 42. Kf1 Rd2 43. Bb4 Rb2 44. Ba5 Rc2 45. Rb1 Kg4 46. Rb8 Be4
47. Rb3 Kf3 48. Be1 Rc1 49. Rc3 Rd1 0-1

[Event "Kieler Open 2017-A"]
[Site "Kiel"]
[Date "2017.07.30"]
[Round "3.7"]
[White "Jahncke, Giso"]
[Black "Horn, Peter"]
[Result "1-0"]
[WhiteElo "2340"]
[BlackElo "2094"]
[Annotator "PH"]
[PlyCount "47"]

1. Nf3 Nf6 2. c4 e6 3. g3 d5 4. d4 dxc4 5. Bg2 Nbd7 6. O-O Rb8 7. a4 a6 8. a5
Bd6 9. Nbd2 b5 10. axb6 cxb6 11. Nxc4 Bc7 12. Bd2 b5 13. Na5 Rb6 14. Qc2 Bd6
15. Rfc1 O-O 16. Nc6 Qe8 17. Ba5 Rb7 18. Nfe5 Nd5 19. e4 N5b6 20. Nxd7 Qxd7 21.
e5 Bb8 22. Bb4 Re8 23. Nxb8 Rxb8 24. Bc6 1-0

[Event "Kieler Open 2017-A"]
[Site "Kiel"]
[Date "2017.07.30"]
[Round "3.8"]
[White "Pluska, Alexander"]
[Black "Wichmann, Cliff"]
[Result "0-1"]
[WhiteElo "2205"]
[BlackElo "2297"]
[Annotator "PH"]
[PlyCount "127"]

1. e4 e6 2. d4 d5 3. Nc3 Nf6 4. e5 Nfd7 5. f4 c5 6. Nf3 Nc6 7. Be3 Be7 8. Qd2
O-O 9. dxc5 Qa5 10. O-O-O b6 11. Bb5 Bb7 12. Kb1 Kh8 13. Bxc6 Bxc6 14. Nd4 Rfc8
15. cxb6 axb6 16. Nxc6 Rxc6 17. Bd4 Bb4 18. a3 Bxa3 19. bxa3 Qxa3 20. Ne2 Qa2+
21. Kc1 Nc5 22. Qc3 Nb3+ 23. cxb3 Rxc3+ 24. Nxc3 Qxb3 25. Kd2 Qb2+ 26. Ke3 Ra3
27. Rd3 Qxg2 28. Rb1 Qh3+ 29. Kd2 Qxh2+ 30. Ne2 Ra2+ 31. Rb2 Rxb2+ 32. Bxb2 h5
33. Bd4 b5 34. Rb3 h4 35. Rxb5 Qh1 36. Rb8+ Kh7 37. Rc8 Qe4 38. Rc3 Kh6 39. Re3
Qg2 40. Rc3 Kg6 41. Rc1 Kf5 42. Rg1 Qh2 43. Kd3 f6 44. Rxg7 Qh3+ 45. Be3 fxe5
46. Rg5+ Kf6 47. fxe5+ Kf7 48. Kd2 Qf3 49. Nd4 Qe4 50. Rh5 h3 51. Ne2 Qb4+ 52.
Kd1 Qb3+ 53. Kd2 Qb2+ 54. Ke1 h2 55. Rxh2 {=} 55... Qxe5 56. Rf2+ Ke8 57. Bd4
Qg5 58. Bf6 Qh5 59. Kd2 e5 60. Ng3 Qh6+ 61. Ke2 e4 62. Bd4 Qa6+ 63. Ke3 Qd3+
64. Kf4 0-1

[Event "Kieler Open 2017-A"]
[Site "Kiel"]
[Date "2017.07.30"]
[Round "3.9"]
[White "Neumann, Frank"]
[Black "Fernandez, Michael"]
[Result "0-1"]
[WhiteElo "2072"]
[BlackElo "2236"]
[Annotator "PH"]
[PlyCount "120"]

1. d4 c5 2. Nf3 cxd4 3. Nxd4 Nc6 4. g3 g6 5. c4 Bg7 6. Nxc6 bxc6 7. Qa4 Nf6 8.
Bg2 O-O 9. Nc3 Qb6 10. Qa3 Ng4 11. c5 Qa6 12. Qxa6 Bxa6 13. h3 Ne5 14. Bd2 Nc4
15. b3 Nxd2 16. Kxd2 Bd4 17. b4 Bxf2 18. g4 Bd4 19. e3 Bg7 20. h4 d5 21. cxd6
exd6 22. Rac1 Rab8 23. a3 c5 24. Nd5 Bb2 25. Rc2 Bxa3 26. bxc5 Bxc5 27. Nf6+
Kg7 28. Nd7 Rb3 29. Nxc5 dxc5 30. Ra1 Bd3 31. Rxc5 Rb2+ 32. Kxd3 Rxg2 33. g5
Rd8+ 34. Ke4 Rg4+ 35. Kf3 Rxh4 36. Rxa7 Rh1 37. Ke2 Rh2+ 38. Kf3 Rdd2 39. Ra8
Rdf2+ 40. Kg3 Rhg2+ 41. Kh3 Rh2+ 42. Kg3 Rhg2+ 43. Kh3 Rg1 44. Re5 Rfg2 45.
Raa5 Rg3+ 46. Kh2 R3g2+ 47. Kh3 Rg3+ 48. Kh2 R1g2+ 49. Kh1 Re2 50. Ra3 Rgg2 51.
Ra4 Rh2+ 52. Kg1 Reg2+ 53. Kf1 Rb2 54. Kg1 Rhg2+ 55. Kh1 Rge2 56. Rg4 f5 57.
Rg3 Kf7 58. Ra5 Rb1+ 59. Rg1 Rxg1+ 60. Kxg1 Rxe3 0-1

[Event "Kieler Open 2017-A"]
[Site "Kiel"]
[Date "2017.07.30"]
[Round "3.10"]
[White "Haffner, Alexander"]
[Black "Gaede, Derek"]
[Result "0-1"]
[WhiteElo "2113"]
[BlackElo "2340"]
[Annotator "PH"]
[PlyCount "64"]

1. d4 Nf6 2. Nf3 e6 3. c4 d5 4. cxd5 exd5 5. Bg5 h6 6. Bh4 Be7 7. Nc3 c6 8. Qc2
O-O 9. e3 Nbd7 10. Bd3 Re8 11. Bg3 Nh5 12. Nxd5 cxd5 13. O-O Nxg3 14. hxg3 Nf6
15. Ne5 Ng4 16. Qe2 Nxe5 17. dxe5 Bc5 18. f4 f5 19. Rae1 Qb6 20. a3 Qg6 21. b4
Bb6 22. Kh2 Be6 23. a4 Rec8 24. a5 Bd8 25. a6 b6 26. Qb2 h5 27. Rd1 Rc7 28. Be2
Rac8 29. Bd3 h4 30. gxh4 Bxh4 31. Rc1 Bg3+ 32. Kg1 Qh6 0-1

[Event "Kieler Open 2017-A"]
[Site "Kiel"]
[Date "2017.07.30"]
[Round "3.11"]
[White "Bente, Björn"]
[Black "Rieper, Julian"]
[Result "1-0"]
[WhiteElo "2310"]
[BlackElo "2048"]
[Annotator "PH"]
[PlyCount "49"]

1. Nf3 d5 2. c4 e6 3. g3 Nf6 4. Bg2 Nbd7 5. b3 b6 6. O-O Bb7 7. Bb2 Bd6 8. Nc3
a6 9. cxd5 exd5 10. Nh4 c6 11. Nf5 Bf8 12. e4 d4 13. Nxd4 Ne5 14. Nce2 Nd3 15.
Bc3 c5 16. Nf5 Nxe4 17. Nc1 Qg5 18. Qf3 Nxc1 19. Raxc1 Kd7 20. Qd3+ Nd6 21.
Bxb7 Rb8 22. Nxd6 Bxd6 23. Bxa6 h5 24. Bb5+ Ke7 25. Qf3 1-0

[Event "Kieler Open 2017-A"]
[Site "Kiel"]
[Date "2017.07.30"]
[Round "3.12"]
[White "Junge, Ralph"]
[Black "Tresch, Lukas"]
[Result "1/2-1/2"]
[WhiteElo "2286"]
[BlackElo "2038"]
[Annotator "PH"]
[PlyCount "153"]

1. d4 Nf6 2. c4 e6 3. Nc3 Bb4 4. Qc2 Nc6 5. Nf3 d6 6. Bd2 O-O 7. a3 Bxc3 8.
Bxc3 Qe7 9. g3 e5 10. d5 Nb8 11. e4 c6 12. Bg2 cxd5 13. cxd5 b6 14. O-O Ba6 15.
Rfe1 Nbd7 16. b4 Rfc8 17. a4 Rc7 18. Qb2 Rac8 19. Ra3 g6 20. Nd2 Nh5 21. Bh3
Rf8 22. Qa1 f6 23. Qd1 Rfc8 24. Re3 Ng7 25. Kg2 Nh5 26. Be6+ Kh8 27. Bb2 Rc2
28. Rab3 R2c7 29. Rbc3 Rxc3 30. Rxc3 Rxc3 31. Bxc3 Nf8 32. Bh3 Qc7 33. Qb3 Nd7
34. Bb2 b5 35. Kg1 Ng7 36. a5 Bc8 37. Bf1 a6 38. Qc3 Ne8 39. Qxc7 Nxc7 40. Bh3
Kg7 41. Nb3 Kf7 42. Bc1 Ke7 43. Be3 Bb7 44. Bb6 Kd8 45. f3 Bc8 46. Ba7 f5 47.
Nd2 Nf6 48. Bg2 fxe4 49. fxe4 Bg4 50. Kf2 Bd7 51. h3 Ke7 52. Bb6 Nce8 53. Be3
Nc7 54. Bg5 Kf7 55. Be3 Ke7 56. g4 Kf7 57. Kg3 h5 58. Bf3 hxg4 59. hxg4 Kg7 60.
Kh4 Kf7 61. g5 Nfe8 62. Bb6 Ke7 63. Nf1 Kf7 64. Ne3 Ke7 65. Ng4 Kf7 66. Bg2 Bc8
67. Bh3 Bd7 68. Nxe5+ dxe5 69. Bxd7 Ke7 70. Bg4 Kd8 71. Be6 Nd6 72. Bc5 Nxe4
73. Bf7 Kd7 74. Be3 Nc3 75. Bxg6 N7xd5 76. Bc5 Ke6 77. Bh5 1/2-1/2

[Event "Kieler Open 2017-A"]
[Site "Kiel"]
[Date "2017.07.30"]
[Round "3.13"]
[White "Besenthal, Klaus-Günther"]
[Black "Ghadimi, Mohammed Reza"]
[Result "1/2-1/2"]
[WhiteElo "2076"]
[BlackElo "2126"]
[Annotator "PH"]
[PlyCount "62"]

1. d4 d5 2. Bf4 Nf6 3. e3 c5 4. c3 Nc6 5. Nd2 e6 6. Bd3 Bd6 7. Bxd6 Qxd6 8. f4
b6 9. a3 a5 10. Ngf3 Ba6 11. Bxa6 Rxa6 12. Qe2 Ra8 13. O-O O-O 14. Ne5 Nd7 15.
Ndf3 f6 16. Nxc6 Qxc6 17. Rfe1 Qd6 18. e4 dxe4 19. Qxe4 Rae8 20. Rad1 Re7 21.
dxc5 Qxc5+ 22. Qd4 Rfe8 23. b4 Qc6 24. c4 axb4 25. axb4 e5 26. fxe5 Nxe5 27.
Nxe5 Rxe5 28. Rxe5 Rxe5 29. Qd8+ Re8 30. Qd5+ Qxd5 31. Rxd5 Re4 1/2-1/2